Quiz Ninho - Statistiques

Statistiques générales
  • Ce quiz a été pris 177 fois
  • Le résultat moyen est 21 sur 103
Statistiques - réponses
Hint Aide Réponse % Correct
prénom William
96%
Album 4 | surnom NI
94%
âge 27
88%
Album 3 JEFE
68%
Mixtape 4 MILS
65%
Album 2 Destin
61%
Feat "mortal combat" Sofiane/graya/GLK/riane/the S
59%
Album 1 comme prévu
51%
Mixtape 5 MILS 2.0
50%
Feat "tel me" Jul
46%
Mixtape 6 MILS 3.0
42%
Feat niska
42%
Feat "dita" Hös
41%
nom de son restaurant jefeburger
40%
Feat "laisse pas traîné ton fils" Sofiane
37%
Feat leto
35%
nom Nzobazola
35%
Feat "les étoiles" Yaro
32%
Feat "lové" gradur
30%
Feat "ciao" werenoi
30%
Feat dadju
28%
Feat "entre les murs" da uzi
27%
Feat maes
27%
Feat "money" faouzia
26%
Feat naps
26%
Feat gazo
25%
Feat koba lad
25%
Feat nekfeu
25%
sons le plus vue sur YouTube Mamacita
24%
Feat sch
24%
égérie de quelle marque Adidas
22%
Feat alonzo
21%
Feat "sécu" franglish
21%
Feat "enfants terribles" landy
21%
série télé dans laquelle il est apparu Validé
21%
Feat "every day" griff
20%
Feat "bénéfices" MHD
20%
Feat zola
20%
nombre de single de diamant 50
19%
sons préféré de Adam Lettre à une femme
19%
Feat "grand paris" médine/lartiste/lino/Alivor/seth guako/youssoupha
19%
Mixtape 3 ISPAC 2
18%
Feat "suis-moi" Ronisia
18%
Feat "sicario" YL
18%
lieu de naissance longjumeau
17%
Feat rim'k
17%
Feat "toutes opinions" blasko
15%
Feat central cee
15%
Feat damso
15%
Feat "champions" serge ibaka
14%
Feat "mauvais côté" amy
13%
Feat "mauvais" GLK
13%
Feat "veux-tu" lacrim
13%
Feat lil baby
13%
Feat plk
13%
Feat gaulois
12%
Feat "à l'aube" hös copperfield
12%
nombre de single d'or 160
11%
Feat "portes sucide" dinos
11%
Feat hamza
11%
Feat Heuss l'enfoiré
11%
Feat Hornet la frappe
11%
Feat "11h" lamatrix
11%
nombre de single de platine 90
10%
Feat Niro
10%
Feat orelsan
10%
nombre de single certifiés 300
9%
Feat ayra starr
9%
Feat "coucou" Graya
9%
Feat "maria" morad
9%
Feat naza
9%
Feat vegedream
9%
Feat "acolyte" gianni
8%
Feat sadek
8%
Feat soprano
8%
Feat tito
8%
Feat "mains sales" 13 block
7%
sons le plus streamé Dis moi que tu m'aimes
7%
ambassadeur quel jeu vidéo FC 24
7%
Feat "long time" kaneki
7%
Feat Kpoint
7%
Feat hiro
6%
Feat "Karma" negrito
6%
Feat "billets" capo plaza
5%
Mixtape 2 en attendant ISPAC 2
5%
Mixtape 1 Ils sont pas au courant 1
5%
Feat "gaine D 2.0" Kingzer
5%
Feat Omah lay
5%
Feat 4keus gang
4%
Feat "igo 10" douma kalash
4%
Feat kalash
4%
Feat keblack
4%
Feat Mac tyer
4%
Feat "bectance" mayo
4%
Feat "mauvaise nouvelle" softo
4%
nomination NRJ Music Awards 2022 Hit de l'année
3%
Feat "hercule" koffi olomide
3%
nomination BET Hip Hop Awards 2023 Best international flow
2%
Feat "cartouche" médé
2%
nomination BET Award 2020 Meilleur artiste international
2%
Feat fally lpupa
1%
nomination MTV Europe Music Award 2023 Meilleur artiste français
1%
Aucun quiz correspondant
Distribution des résultats
% des personnes avec chaque résultat
Percentile par nombre de réponses
Votre historique - résultats
Vous n’avez pas pris ce quiz